000 00574nam a2200217Ia 4500
003 OSt
005 20220926014123.0
006 a|||||r|||| 00| 0
007 ta
008 220923b |||||||| |||| 00| 0 eng d
037 _cGeneral Book
040 _aRTL
_cRTL
_beng
041 _2eng
_aeng
082 _aX:952-96, H4
100 _aDunlop J T
245 0 _aWage Determination Under Trade Unions
260 _aNew York
_bMacmillan Co.
_c1944
300 _a231p
_ccm.
942 _hX:952-96, H4
_cGB
_2CC
999 _c627908
_d627908